00307nam a2200121Ia 4500008004100000041000800041100001500049245003500064260003500099300000900134520001200143650003000155230818s2005 xx 000 0 und d aeng aCostantino aThe Hand book of Energy Drinks bSil verdale book wigstonc2005 a256p aGeneral aFood and Beverage service